000
00339nam a2200145Ia 4500
008
151213s9999 xx 000 0 und d
100
_a
H.Cox
245
_a
The Growth of Global Business
_c
H.Cox
260
_a
London
_b
Rontledge
_c
1993
300
_a
2753 p.
650
_a
Business
650
_a
Business
700
_a
H.Cox
999
_c
1863
_d
1863